[Event "Aeroflot Open A 2016"]
[Site "Moscow RUS"]
[Date "2016.03.01"]
[Round "1.28"]
[White "Khalifman, Alexander"]
[Black "Yuffa, Daniil"]
[Result "1/2-1/2"]
[WhiteElo "2624"]
[BlackElo "2502"]
[PlyCount "85"]
[EventDate "2016.03.01"]

1. d4 Nf6 2. Nf3 g6 3. c4 Bg7 4. Nc3 O-O 5. e4 d6 6. Be2 e5 7. O-O Nc6 8. d5
Ne7 9. b4 Nh5 10. g3 f5 11. Ng5 Nf6 12. Bf3 c6 13. Be3 h6 14. Ne6 Bxe6 15. dxe6
fxe4 16. Nxe4 Nxe4 17. Bxe4 d5 18. cxd5 cxd5 19. Bg2 b6 20. Qb3 Qd6 21. Rad1
Rad8 22. Bxd5 Nxd5 23. e7 Qxe7 24. Rxd5 Rxd5 25. Qxd5+ Qf7 26. Rd1 Qxd5 27.
Rxd5 Rf7 28. Rd8+ Kh7 29. a4 Bf6 30. Re8 Kg7 31. a5 Bg5 32. Bxg5 hxg5 33. axb6
axb6 34. Rxe5 Kh6 35. Re6 b5 36. Re5 Rb7 37. h3 Rb8 38. Kf1 Rb7 39. Ke2 Rb8 40.
Ke3 Rb7 41. g4 Rc7 42. Rxb5 Rb7 43. Rxb7 1/2-1/2

[Event "Aeroflot Open A 2016"]
[Site "Moscow RUS"]
[Date "2016.03.01"]
[Round "1.29"]
[White "Lei, Tingjie"]
[Black "Khismatullin, Denis"]
[Result "0-1"]
[WhiteElo "2495"]
[BlackElo "2621"]
[PlyCount "84"]
[EventDate "2016.03.01"]

1. d4 e6 2. c4 b6 3. Nc3 Bb7 4. Nf3 Bb4 5. e3 f5 6. Bd3 Nf6 7. Bd2 O-O 8. Qc2
Bxc3 9. Bxc3 Ne4 10. O-O-O d6 11. Rhg1 Nd7 12. Be1 c5 13. g4 Qe7 14. gxf5 exf5
15. Kb1 Rae8 16. Nd2 Rf7 17. Ka1 cxd4 18. exd4 Qh4 19. Nf1 Ng5 20. Nd2 Nf3 21.
Nxf3 Bxf3 22. Rc1 Qxh2 23. Bb4 a5 24. Rg3 Be4 25. Ba3 Bxd3 26. Rxd3 Qf4 27.
Rdd1 h6 28. Qa4 Rc8 29. Qb5 Qxf2 30. Bxd6 Qe2 31. Re1 Qd3 32. Red1 Qe4 33. c5
Qd5 34. a4 f4 35. Qa6 Rc6 36. Qa8+ Kh7 37. Qe8 Nf6 38. Qe1 f3 39. Be5 Ne4 40.
cxb6 Rxb6 41. Rd3 Rc6 42. Rb1 Nc5 0-1

[Event "Aeroflot Open A 2016"]
[Site "Moscow RUS"]
[Date "2016.03.01"]
[Round "1.30"]
[White "Lu, Shanglei"]
[Black "Firouzja, Alireza"]
[Result "1-0"]
[WhiteElo "2620"]
[BlackElo "2475"]
[PlyCount "127"]
[EventDate "2016.03.01"]

1. e4 c5 2. Nf3 d6 3. Bb5+ Nd7 4. O-O a6 5. Bd3 Ngf6 6. Re1 g6 7. c3 Bg7 8. Bc2
O-O 9. d4 cxd4 10. cxd4 b5 11. Be3 Bb7 12. Nbd2 Nb6 13. b3 b4 14. Qe2 a5 15.
Bd3 a4 16. Rec1 Ra7 17. Ne1 Qa8 18. f3 axb3 19. Nxb3 Rc8 20. Rxc8+ Bxc8 21. Qd2
Nfd7 22. Qxb4 Rxa2 23. Rxa2 Qxa2 24. Na5 Qa4 25. Nc2 e6 26. Kf2 d5 27. e5 Qxb4
28. Nxb4 Nb8 29. g4 Bf8 30. Bd2 Na8 31. f4 Nc7 32. Kf3 Nca6 33. Nc2 Be7 34. f5
Bd8 35. Kf4 Be7 36. f6 Bd8 37. Ne1 Bxa5 38. Bxa5 Nc6 39. Bb6 h6 40. Bb5 Ncb4
41. Ke3 Nb8 42. Bc5 N4c6 43. Bd6 Bd7 44. Bd3 Bc8 45. h4 Nd7 46. Bc7 Na7 47. Kd2
Bb7 48. Kc3 Bc6 49. Kb4 Bb7 50. Nc2 Kf8 51. h5 g5 52. Na3 Kg8 53. Nc2 Nc6+ 54.
Kb5 Na7+ 55. Ka4 Nc6 56. Bb5 Nf8 57. Kb3 Nd7 58. Kc3 Nf8 59. Nb4 Na7 60. Ba4
Nh7 61. Bb6 Nc8 62. Bc5 Kh8 63. Be8 Kg8 64. Kb3 1-0

[Event "Aeroflot Open A 2016"]
[Site "Moscow RUS"]
[Date "2016.03.01"]
[Round "1.31"]
[White "Debashis, Das"]
[Black "Salem, A.R. Saleh"]
[Result "1/2-1/2"]
[WhiteElo "2471"]
[BlackElo "2615"]
[PlyCount "110"]
[EventDate "2016.03.01"]

1. d4 Nf6 2. c4 c5 3. d5 e6 4. Nc3 exd5 5. cxd5 d6 6. Nf3 g6 7. Nd2 Bg7 8. e4
O-O 9. Be2 Re8 10. O-O Na6 11. Kh1 Nc7 12. f3 Nd7 13. Nc4 Ne5 14. Ne3 h5 15.
Qc2 Rb8 16. a4 Na6 17. f4 Nb4 18. Qd1 Ng4 19. Nxg4 hxg4 20. f5 g3 21. h3 gxf5
22. exf5 Qf6 23. Bg4 Qd4 24. Bf4 Be5 25. Qxd4 cxd4 26. Ne4 Nxd5 27. Bxg3 Bxg3
28. Nxg3 b6 29. Rf2 Ne3 30. Be2 Bb7 31. Kh2 Kh8 32. Bd3 Nxg2 33. Rxg2 Bxg2 34.
Kxg2 Re3 35. Be2 Rg8 36. Bg4 Rc8 37. Nf1 Rb3 38. Rd1 Rc2+ 39. Kg1 d3 40. Bf3 d2
41. Be4 Rcxb2 42. Rxd2 Rxd2 43. Nxd2 Rxh3 44. Nc4 Kg7 45. Nxd6 Kf6 46. Kf2 Rc3
47. Bf3 Rd3 48. Nb5 a6 49. Nc7 Kxf5 50. Nxa6 Rd4 51. Bc6 Kf4 52. Bb5 Rd2+ 53.
Kf1 Ke3 54. Nb8 Rd6 55. Nc6 f6 1/2-1/2

[Event "Aeroflot Open A 2016"]
[Site "Moscow RUS"]
[Date "2016.03.01"]
[Round "1.32"]
[White "Bok, Benjamin"]
[Black "Swayams, Mishra"]
[Result "1/2-1/2"]
[WhiteElo "2611"]
[BlackElo "2470"]
[PlyCount "110"]
[EventDate "2016.03.01"]

1. e4 e6 2. d4 d5 3. Nc3 Nf6 4. e5 Nfd7 5. f4 c5 6. Nf3 Nc6 7. Be3 Be7 8. Qd2
b6 9. Nd1 cxd4 10. Nxd4 Nxd4 11. Bxd4 O-O 12. Be2 Nb8 13. Ne3 Nc6 14. c3 Nxd4
15. cxd4 a5 16. O-O Bb4 17. Qd1 Bd7 18. Bd3 f5 19. exf6 Qxf6 20. Kh1 g6 21. Bc2
Bb5 22. Rf2 Rac8 23. g3 Rc7 24. a3 Bd6 25. Qd2 Rfc8 26. Re1 Qg7 27. Bd3 Bd7 28.
Bb1 b5 29. Ng4 b4 30. Ne5 bxa3 31. bxa3 Bxa3 32. Qxa5 Qe7 33. Qa6 Bb4 34. Rd1
Be8 35. Kg2 Rb8 36. Qe2 Ba4 37. Rdf1 Bc3 38. Qe3 Rb4 39. Nf3 Qf6 40. Re2 Bxd4
41. Nxd4 Rxd4 42. Qxe6+ Qxe6 43. Rxe6 Rb7 44. Ree1 Rd2+ 45. Rf2 Rbb2 46. Rxd2
Rxd2+ 47. Kh3 d4 48. g4 d3 49. Re4 Bc2 50. Bxc2 dxc2 51. Rc4 Kf7 52. f5 Kf6 53.
Rc6+ Kg5 54. fxg6 hxg6 55. Kg3 Rd3+ 1/2-1/2

[Event "Aeroflot Open A 2016"]
[Site "Moscow RUS"]
[Date "2016.03.01"]
[Round "1.33"]
[White "Igonin, Temur"]
[Black "Cordova, Emilio"]
[Result "1/2-1/2"]
[WhiteElo "2470"]
[BlackElo "2610"]
[PlyCount "88"]
[EventDate "2016.03.01"]

1. e4 e6 2. d4 d5 3. Nd2 Be7 4. Bd3 c5 5. dxc5 Nf6 6. Ngf3 dxe4 7. Nxe4 Nxe4 8.
Bxe4 Qxd1+ 9. Kxd1 Bxc5 10. Ke2 Nd7 11. Rd1 h6 12. c4 a5 13. b3 Nf6 14. Bc2 b6
15. Ne5 Bb7 16. f3 O-O 17. Be3 Rfc8 18. Bxc5 Rxc5 19. Nd7 Nxd7 20. Rxd7 Bc6 21.
Rd6 Rb8 22. Rad1 Kf8 23. Be4 Be8 24. Rd8 Rcc8 25. Rxc8 Rxc8 26. Rd6 Rb8 27. f4
Ke7 28. Rd2 f5 29. Bf3 g5 30. g3 Rc8 31. Kd1 Rc5 32. Rd4 e5 33. fxe5 Rxe5 34.
Kd2 Bf7 35. a3 g4 36. Bg2 Rc5 37. Bf1 Be6 38. Bd3 Re5 39. b4 axb4 40. axb4 h5
41. Rf4 Kf6 42. Rf2 Kg5 43. Re2 Rxe2+ 44. Kxe2 f4 1/2-1/2

[Event "Aeroflot Open A 2016"]
[Site "Moscow RUS"]
[Date "2016.03.01"]
[Round "1.35"]
[White "Kovalevskaya, Ekaterina"]
[Black "Bachmann, Axel"]
[Result "1/2-1/2"]
[WhiteElo "2462"]
[BlackElo "2609"]
[PlyCount "71"]
[EventDate "2016.03.01"]

1. e4 c5 2. Nf3 e6 3. d4 cxd4 4. Nxd4 Nc6 5. Nc3 Qc7 6. Be3 a6 7. Be2 b5 8.
Nxc6 Qxc6 9. Bf3 Bb7 10. O-O Qc7 11. Re1 Bd6 12. Bd4 Bxh2+ 13. Kh1 Be5 14. a4
Qd6 15. Bxe5 Qxe5 16. Qd3 b4 17. Nd5 Nf6 18. Nb6 O-O 19. Nxa8 Rxa8 20. c3 g5
21. g3 bxc3 22. Qxc3 Qxc3 23. bxc3 Rc8 24. Rab1 Rxc3 25. Rxb7 Rxf3 26. Kg2 Ra3
27. e5 Ng4 28. Rb4 h5 29. Re2 Kg7 30. Rbe4 Kg6 31. f3 Nh6 32. R2e3 Ra2+ 33. Re2
Ra3 34. R2e3 Ra2+ 35. Re2 Ra3 36. R2e3 1/2-1/2

[Event "Aeroflot Open A 2016"]
[Site "Moscow RUS"]
[Date "2016.03.01"]
[Round "1.36"]
[White "Wen, Yang"]
[Black "Korchmar, Vasiliy"]
[Result "1-0"]
[WhiteElo "2609"]
[BlackElo "2450"]
[PlyCount "87"]
[EventDate "2016.03.01"]

1. Nf3 d5 2. g3 g6 3. Bg2 Bg7 4. d4 Nf6 5. O-O O-O 6. Nbd2 c6 7. c4 a5 8. b3 a4
9. Ba3 Re8 10. Re1 Bf5 11. Nh4 Be6 12. e3 axb3 13. axb3 Na6 14. Nhf3 Bf5 15. h3
Ne4 16. Nh4 e6 17. Nxe4 Bxe4 18. f3 Bf5 19. Kh2 g5 20. Nxf5 exf5 21. f4 gxf4
22. gxf4 Nc7 23. Qd3 Qf6 24. Bb4 Bf8 25. Bd2 Kh8 26. Rg1 Bd6 27. Ba5 Qh4 28.
Bxc7 Bxc7 29. Rxa8 Rxa8 30. cxd5 cxd5 31. Qxf5 Rg8 32. Qxf7 Ba5 33. Qxd5 Qg3+
34. Kh1 Bd2 35. Qe5+ Rg7 36. f5 Bxe3 37. f6 Qxe5 38. dxe5 Rc7 39. Rf1 Rc1 40.
Rxc1 Bxc1 41. e6 Kg8 42. e7 Kf7 43. Bd5+ Ke8 44. Bxb7 1-0

[Event "Aeroflot Open A 2016"]
[Site "Moscow RUS"]
[Date "2016.03.01"]
[Round "1.37"]
[White "Lorparizangeneh, Shahin"]
[Black "Jumabayev, Rinat"]
[Result "1/2-1/2"]
[WhiteElo "2449"]
[BlackElo "2607"]
[PlyCount "157"]
[EventDate "2016.03.01"]

1. c4 Nf6 2. Nc3 e5 3. Nf3 Nc6 4. e4 Bb4 5. d3 d6 6. a3 Bc5 7. b4 Bb6 8. Na4
Bg4 9. Be2 Nd7 10. Nxb6 axb6 11. Bb2 Qf6 12. O-O O-O 13. Nd4 Nxd4 14. Bxg4 Qe7
15. f4 Nf6 16. Bf3 c5 17. Bxd4 cxd4 18. Qd2 exf4 19. Qxf4 Nd7 20. Bd1 Ne5 21.
Qd2 g6 22. Qb2 Nxd3 23. Qd2 Ne5 24. Qxd4 Nc6 25. Qc3 Qe5 26. Rc1 Rfc8 27. Bg4
Rc7 28. Rfd1 Qf4 29. Be2 Ne5 30. Rd4 Nc6 31. Rdd1 Re7 32. Qf3 Qe5 33. Bf1 Re6
34. Qe3 Qxe4 35. Qxe4 Rxe4 36. Rc3 Nd4 37. Rcd3 Nf5 38. Rf3 Kg7 39. Kf2 h5 40.
Rd5 Re5 41. Rd2 Rae8 42. g3 g5 43. h3 R8e6 44. Rdd3 h4 45. g4 Ng3 46. Kg2 f6
47. Rd2 Kf8 48. Rd1 Ke7 49. Bd3 Re1 50. Rxe1 Rxe1 51. Kf2 Re5 52. Re3 f5 53.
Bxf5 Nxf5 54. gxf5 Kf6 55. Rd3 Rxf5+ 56. Ke3 Ke6 57. Rd4 Rf1 58. Rd5 Rg1 59. a4
Re1+ 60. Kf3 Re5 61. Rd4 d5 62. Rxd5 Rxd5 63. cxd5+ Kxd5 64. Kg4 Kc4 65. b5 Kb4
66. Kxg5 Kxa4 67. Kxh4 Kxb5 68. Kg5 Kc4 69. h4 b5 70. h5 b4 71. h6 b3 72. h7 b2
73. h8=Q b1=Q 74. Qc8+ Kd4 75. Qd7+ Ke3 76. Qh3+ Kd2 77. Qh2+ Kc3 78. Qc7+ Kd4
79. Qd7+ 1/2-1/2

[Event "Aeroflot Open A 2016"]
[Site "Moscow RUS"]
[Date "2016.03.01"]
[Round "1.38"]
[White "Petrosian, Tigran L"]
[Black "Wang, Yiye"]
[Result "1-0"]
[WhiteElo "2607"]
[BlackElo "2445"]
[PlyCount "139"]
[EventDate "2016.03.01"]

1. Nf3 Nf6 2. g3 g6 3. Bg2 Bg7 4. O-O O-O 5. c4 c5 6. Nc3 Nc6 7. d4 cxd4 8.
Nxd4 Qb6 9. e3 d6 10. b3 Bg4 11. Qd2 Nxd4 12. exd4 Nd7 13. Nd5 Qxd4 14. Nxe7+
Kh8 15. Rb1 Rae8 16. Nd5 Be2 17. Re1 Qd3 18. Rb2 Qxd2 19. Rxd2 Bxc4 20. Rxe8
Rxe8 21. Ne3 Ba6 22. Rxd6 Nb6 23. a4 Be5 24. Rd1 Bc3 25. Ba3 Kg8 26. a5 Bxa5
27. b4 Rxe3 28. Rd8+ Kg7 29. Bb2+ f6 30. fxe3 Bxb4 31. Bd4 Be7 32. Bxb6 axb6
33. Rd7 Kf7 34. Bxb7 Bc4 35. Rc7 Ba2 36. Ba6 Bd5 37. Kf2 h5 38. Bb7 Ba2 39. Be4
f5 40. Bc6 Kf6 41. Be8 Bf7 42. Rc6+ Kg7 43. Bxf7 Kxf7 44. Rxb6 Bg5 45. Kf3 Kg7
46. Rb7+ Kf6 47. Ke2 Ke6 48. Kd3 Bf6 49. Kc4 Bg5 50. Rb3 Bh6 51. Rb6+ Kf7 52.
Rb7+ Kf6 53. Kd4 Ke6 54. Rc7 Kf6 55. Rh7 Bf8 56. Kd5 Bb4 57. Rc7 Bf8 58. Rh7
Bb4 59. Rh8 Bd2 60. Kd4 Bb4 61. Rc8 Ba3 62. Rb8 Kg5 63. h4+ Kg4 64. Rb6 Kxg3
65. Rxg6+ Kxh4 66. Ke5 Bc1 67. Kf4 Kh3 68. Rg1 Bd2 69. Rh1+ Kg2 70. Rxh5 1-0

[Event "Aeroflot Open A 2016"]
[Site "Moscow RUS"]
[Date "2016.03.01"]
[Round "1.39"]
[White "Esipenko, Andrey"]
[Black "Bluebaum, Matthias"]
[Result "0-1"]
[WhiteElo "2445"]
[BlackElo "2605"]
[PlyCount "88"]
[EventDate "2016.03.01"]

1. Nf3 Nf6 2. g3 b6 3. Bg2 Bb7 4. O-O g6 5. c4 Bg7 6. Nc3 O-O 7. d4 Ne4 8. Bd2
c5 9. d5 Nxd2 10. Qxd2 d6 11. h4 Nd7 12. h5 Ne5 13. Nxe5 Bxe5 14. Bf3 Qd7 15.
Kg2 Bg7 16. Ne4 b5 17. Rh1 bxc4 18. hxg6 hxg6 19. Rh4 Qf5 20. Rah1 Qe5 21. Nc3
f5 22. Rxc4 Ba6 23. Rch4 Rab8 24. Ra4 Rb6 25. Nd1 c4 26. Qc2 Rfb8 27. Ra5 Qd4
28. Qc1 R8b7 29. Rh4 Qf6 30. e3 Rc7 31. Nc3 g5 32. Rh1 g4 33. Be2 Bc8 34. Ra4
Ba6 35. e4 fxe4 36. Bxg4 Bc8 37. Bxc8 Qf3+ 38. Kg1 Rxc8 39. Nd1 e3 40. Rxc4 Rf8
41. Qc2 e2 42. Qh7+ Kf7 43. Rf4+ Ke8 44. Qg6+ Kd8 0-1

[Event "Aeroflot Open A 2016"]
[Site "Moscow RUS"]
[Date "2016.03.01"]
[Round "1.40"]
[White "Eliseev, Urii"]
[Black "Sarana, Alexey"]
[Result "1-0"]
[WhiteElo "2601"]
[BlackElo "2433"]
[PlyCount "33"]
[EventDate "2016.03.01"]

1. e4 c6 2. d3 d5 3. Nd2 e5 4. Ngf3 Bd6 5. g3 Nf6 6. Bg2 O-O 7. O-O Nbd7 8. b3
b6 9. Bb2 Ba6 10. Re1 Re8 11. d4 dxe4 12. Nxe4 Nxe4 13. dxe5 Nxe5 14. Rxe4 Qc7
15. Nxe5 Bxe5 16. Qe1 f6 17. f4 1-0

[Event "Aeroflot Open A 2016"]
[Site "Moscow RUS"]
[Date "2016.03.01"]
[Round "1.42"]
[White "Bocharov, Dmitry"]
[Black "Karavade, Eesha"]
[Result "1-0"]
[WhiteElo "2595"]
[BlackElo "2395"]
[PlyCount "61"]
[EventDate "2016.03.01"]

1. c4 e6 2. Nc3 d5 3. d4 Bb4 4. e3 Nf6 5. a3 Bxc3+ 6. bxc3 c6 7. a4 O-O 8. Ba3
Re8 9. Nf3 b6 10. Bd3 Ba6 11. Nd2 Nbd7 12. O-O c5 13. Qb3 Qc7 14. h3 Rac8 15.
Rac1 Qb7 16. Rfd1 e5 17. Bf1 cxd4 18. cxd4 exd4 19. exd4 dxc4 20. Nxc4 Qd5 21.
Qb4 Qa8 22. Qb1 Rcd8 23. Qf5 Nf8 24. d5 Ng6 25. d6 Bc8 26. Qc2 Bd7 27. Bb2 Ne4
28. Ne3 Nc5 29. Nd5 Bxa4 30. Qc3 Re5 31. Ne7+ 1-0

[Event "Aeroflot Open A 2016"]
[Site "Moscow RUS"]
[Date "2016.03.01"]
[Round "1.43"]
[White "Erigaisi, Arjun"]
[Black "Dragun, Kamil"]
[Result "0-1"]
[WhiteElo "2379"]
[BlackElo "2594"]
[PlyCount "94"]
[EventDate "2016.03.01"]

1. d4 Nf6 2. c4 e6 3. Nc3 Bb4 4. e3 O-O 5. Nge2 Re8 6. a3 Bf8 7. Ng3 d5 8. Be2
b6 9. cxd5 exd5 10. O-O g6 11. Bd3 Bb7 12. b4 Nbd7 13. Ra2 Bg7 14. Re1 c5 15.
bxc5 bxc5 16. dxc5 Nxc5 17. Bb5 Re7 18. Rd2 Qa5 19. Bb2 h5 20. Bf1 h4 21. Nge2
Nce4 22. Nxe4 Nxe4 23. Rc2 Bxb2 24. Rxb2 Qxa3 25. Rb3 Qa2 26. f3 Nc5 27. Rc3
Na4 28. Rd3 Rc8 29. Rd4 Nb2 30. Qd2 Qa3 31. Nf4 Nc4 32. Bxc4 dxc4 33. Rd8+ Re8
34. Rd7 Bc6 35. Rd6 Qc5 36. Kh1 a5 37. Nxg6 fxg6 38. Rxg6+ Kf7 39. Rg4 Qb4 40.
Qf2 Rh8 41. Rc1 Qb3 42. e4 Rcd8 43. Rg1 Rh5 44. e5 h3 45. Rf4+ Ke8 46. gxh3 Rd1
47. Qg3 Rg5 0-1

[Event "Aeroflot Open A 2016"]
[Site "Moscow RUS"]
[Date "2016.03.02"]
[Round "2.1"]
[White "Khismatullin, Denis"]
[Black "Korobov, Anton"]
[Result "1/2-1/2"]
[WhiteElo "2621"]
[BlackElo "2713"]
[PlyCount "49"]
[EventDate "2016.03.01"]

1. d4 Nf6 2. c4 e6 3. Nf3 d5 4. Nc3 Be7 5. Bg5 h6 6. Bh4 b6 7. Qa4+ c6 8. cxd5
Nxd5 9. Bxe7 Nxc3 10. bxc3 Qxe7 11. e4 O-O 12. Bd3 Bb7 13. O-O c5 14. Rfe1 Qd7
15. Qxd7 Nxd7 16. a4 Rfd8 17. a5 Bc6 18. Kf1 g5 19. axb6 axb6 20. Ke2 Rxa1 21.
Rxa1 Nf6 22. Ke3 Ng4+ 23. Ke2 Nf6 24. Ke3 Ng4+ 25. Ke2 1/2-1/2

[Event "Aeroflot Open A 2016"]
[Site "Moscow RUS"]
[Date "2016.03.02"]
[Round "2.2"]
[White "Inarkiev, Ernesto"]
[Black "Lu, Shanglei"]
[Result "1/2-1/2"]
[WhiteElo "2677"]
[BlackElo "2620"]
[PlyCount "30"]
[EventDate "2016.03.01"]

1. e4 c5 2. Nf3 d6 3. d4 cxd4 4. Nxd4 Nf6 5. Nc3 a6 6. Be3 Ng4 7. Bc1 Nf6 8.
Be2 e5 9. Nb3 Be7 10. Be3 Be6 11. Nd5 Bxd5 12. exd5 O-O 13. O-O a5 14. c4 Na6
15. Kh1 Nd7 1/2-1/2

[Event "Aeroflot Open A 2016"]
[Site "Moscow RUS"]
[Date "2016.03.02"]
[Round "2.3"]
[White "Savchenko, Boris"]
[Black "Vallejo Pons, Francisco"]
[Result "0-1"]
[WhiteElo "2610"]
[BlackElo "2677"]
[PlyCount "122"]
[EventDate "2016.03.01"]

1. e4 e5 2. Nf3 Nc6 3. Nc3 Nf6 4. Bc4 Bc5 5. d3 d6 6. Bg5 h6 7. Bh4 Be6 8. Bb5
g5 9. Bg3 O-O 10. Na4 Bb6 11. c3 Kg7 12. h4 g4 13. Nd2 Nh5 14. Nf1 Nf4 15. Bxf4
exf4 16. d4 Bd7 17. Qd2 f5 18. Nxb6 axb6 19. Bxc6 bxc6 20. Qxf4 fxe4 21. Qg3
Be6 22. Ne3 h5 23. a3 Kh7 24. O-O b5 25. Rfe1 Bb3 26. Rac1 d5 27. Nf1 Bc4 28.
Qe5 Kg6 29. g3 Bxf1 30. Kxf1 Rf5 31. Qe6+ Rf6 32. Qe5 Rf5 33. Qe6+ Qf6 34.
Qxf6+ Kxf6 35. Re3 Ke6 36. Rce1 Kd6 37. R1e2 c5 38. dxc5+ Kxc5 39. Rd2 c6 40.
Ke1 Ra4 41. Kd1 Kd6 42. Ke1 Ke5 43. Rd1 Ra8 44. Re2 Rf3 45. Rd4 Rf7 46. Rd3
Raf8 47. Rd4 c5 48. Rd1 d4 49. cxd4+ cxd4 50. Red2 d3 51. Rc1 Kd4 52. Rc6 Rf6
53. Rc7 R6f7 54. Rc6 Rf5 55. b4 Rd8 56. Re6 Rf3 57. Kd1 Rdf8 58. Ke1 Rd8 59.
Kd1 e3 60. fxe3+ Rxe3 61. Rh6 Rxg3 0-1

[Event "Aeroflot Open A 2016"]
[Site "Moscow RUS"]
[Date "2016.03.02"]
[Round "2.4"]
[White "Wen, Yang"]
[Black "Artemiev, Vladislav"]
[Result "1-0"]
[WhiteElo "2609"]
[BlackElo "2674"]
[PlyCount "39"]
[EventDate "2016.03.01"]

1. e4 c5 2. Nc3 a6 3. g3 b5 4. Bg2 Bb7 5. d3 e6 6. Nh3 d6 7. O-O Nf6 8. f4 Nc6
9. Be3 Be7 10. e5 dxe5 11. fxe5 Nd7 12. Qg4 g6 13. Rxf7 Kxf7 14. Rf1+ Ke8 15.
Qxe6 Ndxe5 16. Ne4 Qc7 17. Nf4 Bc8 18. Nf6+ Kd8 19. Qd5+ Qd6 20. Bxc5 1-0

[Event "Aeroflot Open A 2016"]
[Site "Moscow RUS"]
[Date "2016.03.02"]
[Round "2.5"]
[White "Petrosian, Tigran L"]
[Black "Moiseenko, Alexander"]
[Result "1-0"]
[WhiteElo "2607"]
[BlackElo "2668"]
[PlyCount "89"]
[EventDate "2016.03.01"]

1. Nf3 c5 2. g3 Nc6 3. c4 e5 4. Nc3 g6 5. Bg2 Bg7 6. a3 a5 7. O-O d6 8. d3 Nge7
9. Ne1 Be6 10. Nc2 d5 11. cxd5 Nxd5 12. Ne3 Nb6 13. Bxc6+ bxc6 14. Ne4 Bh3 15.
Re1 f5 16. Nxc5 f4 17. Nf1 O-O 18. Ne4 h5 19. Nfd2 h4 20. gxh4 Qxh4 21. Kh1 Nd5
22. Nf3 Qh5 23. Rg1 Bg4 24. Bd2 a4 25. Rc1 Rfb8 26. Rxg4 Qxg4 27. Qc2 Qd7 28.
Rg1 Kh7 29. d4 exd4 30. Rxg6 Kh8 31. Neg5 Nf6 32. Ne5 Qd5+ 33. f3 Qb3 34. Nef7+
Kg8 35. Nh6+ Kh8 36. Ngf7+ Kh7 37. Qb1 Qxb2 38. Ng5+ Kh8 39. Qg1 Nh5 40. Rxc6
Nf6 41. Ngf7+ Kh7 42. Ne5 Kh8 43. Nhf7+ Kg8 44. Rxf6 Qb1 45. Be1 1-0

[Event "Aeroflot Open A 2016"]
[Site "Moscow RUS"]
[Date "2016.03.02"]
[Round "2.6"]
[White "Bluebaum, Matthias"]
[Black "Swiercz, Dariusz"]
[Result "1/2-1/2"]
[WhiteElo "2605"]
[BlackElo "2665"]
[PlyCount "54"]
[EventDate "2016.03.01"]

1. d4 Nf6 2. c4 g6 3. Nc3 d5 4. Bg5 Bg7 5. Bxf6 Bxf6 6. cxd5 c5 7. Nf3 cxd4 8.
Nxd4 Qb6 9. Nb3 a5 10. e3 a4 11. Bb5+ Bd7 12. Nd4 Bxd4 13. Qxd4 Qxd4 14. exd4
Bxb5 15. Nxb5 Ra5 16. Rc1 O-O 17. Nc7 Nd7 18. Kd2 Nf6 19. Rc4 Rd8 20. Re1 Nxd5
21. Nxd5 Raxd5 22. Rxe7 b5 23. Rb4 Rxd4+ 24. Rxd4 Rxd4+ 25. Kc3 Rc4+ 26. Kd3
Rb4 27. Kc3 Rc4+ 1/2-1/2

[Event "Aeroflot Open A 2016"]
[Site "Moscow RUS"]
[Date "2016.03.02"]
[Round "2.7"]
[White "Eliseev, Urii"]
[Black "Najer, Evgeniy"]
[Result "0-1"]
[WhiteElo "2601"]
[BlackElo "2664"]
[PlyCount "108"]
[EventDate "2016.03.01"]

1. e4 e5 2. Nf3 Nc6 3. Bb5 a6 4. Ba4 Nf6 5. O-O Be7 6. d3 d6 7. c3 O-O 8. Nbd2
b5 9. Bc2 d5 10. Qe2 d4 11. cxd4 Nxd4 12. Nxd4 exd4 13. f4 c5 14. a4 Bb7 15. g4
c4 16. dxc4 bxc4 17. Nxc4 Rc8 18. Bd3 Nxe4 19. Bxe4 Bxe4 20. Qxe4 Rxc4 21. Bd2
Bc5 22. Kg2 Qd7 23. b3 Re8 24. Qd3 Rc2 25. Kg3 h5 26. gxh5 Rc3 27. Bxc3 Re3+
28. Qxe3 dxe3 29. b4 Bb6 30. a5 Ba7 31. Rf3 Kh7 32. Rg1 Qc6 33. Rc1 Qd5 34. Rg1
Qxh5 35. Kg2 Qd5 36. Re1 f6 37. h4 Qd3 38. Rc1 Qe4 39. Kg3 Kg6 40. Be1 Bd4 41.
b5 axb5 42. a6 Kh5 43. Bb4 Qe6 44. Kh2 Qa2+ 45. Kh3 Qxa6 46. f5 Be5 47. Rxe3 g5
48. hxg5 Qa2 49. Rxe5 fxe5 50. g6 Qb3+ 51. Bc3 b4 52. g7 bxc3 53. Rg1 c2+ 54.
Kh2 c1=Q 0-1

[Event "Aeroflot Open A 2016"]
[Site "Moscow RUS"]
[Date "2016.03.02"]
[Round "2.8"]
[White "Bocharov, Dmitry"]
[Black "Zvjaginsev, Vadim"]
[Result "1/2-1/2"]
[WhiteElo "2595"]
[BlackElo "2662"]
[PlyCount "149"]
[EventDate "2016.03.01"]

1. c4 Nf6 2. Nc3 c5 3. g3 e6 4. Bg2 d5 5. Nf3 d4 6. Na4 Nc6 7. O-O Be7 8. d3
Nd7 9. e3 O-O 10. exd4 cxd4 11. a3 a5 12. Re1 Ra7 13. Nd2 Nb6 14. Nxb6 Qxb6 15.
Ne4 a4 16. Rb1 Na5 17. c5 Qb3 18. Qe2 Qb5 19. Bf4 Nb3 20. Bd6 Bxd6 21. cxd6 Bd7
22. Nd2 Nxd2 23. Qxd2 Ra6 24. Qf4 Qb6 25. Re4 f6 26. Rbe1 Qxd6 27. Rxd4 Qxf4
28. gxf4 Rf7 29. Bxb7 Rb6 30. Rb4 Rd6 31. d4 Rf8 32. Rc1 Rd8 33. Bf3 Kf8 34.
Kg2 Be8 35. Rcc4 Ra6 36. Kg3 f5 37. h4 Ke7 38. Rc7+ Kf6 39. Rcc4 h6 40. Bd1
Rda8 41. Be2 Rc6 42. Bf3 Rxc4 43. Rxc4 Rb8 44. Rb4 Rd8 45. Bd1 Ra8 46. Be2 Rc8
47. Bc4 Bc6 48. Rb6 Ke7 49. f3 Rc7 50. Kf2 Bd5 51. Bxd5 exd5 52. Rb5 Ke6 53.
Rb6+ Ke7 54. Rb4 Rc2+ 55. Kg3 h5 56. Rb7+ Kf6 57. Rb6+ Ke7 58. Rg6 Rd2 59.
Rxg7+ Kf6 60. Rg5 Rxb2 61. Rxh5 Rd2 62. Rh6+ Kg7 63. Ra6 Rxd4 64. h5 Kf7 65.
Ra7+ Kg8 66. h6 Kh8 67. Rf7 Rd3 68. Rxf5 Kh7 69. Rh5 Rxa3 70. Rxd5 Kxh6 71.
Rd6+ Kh5 72. Ra6 Ra1 73. Ra5+ Kg6 74. Ra6+ Kf5 75. Ra5+ 1/2-1/2

[Event "Aeroflot Open A 2016"]
[Site "Moscow RUS"]
[Date "2016.03.02"]
[Round "2.9"]
[White "Dragun, Kamil"]
[Black "Rakhmanov, Aleksandr"]
[Result "1/2-1/2"]
[WhiteElo "2594"]
[BlackElo "2650"]
[PlyCount "73"]
[EventDate "2016.03.01"]

1. d4 d5 2. c4 e6 3. Nc3 a6 4. cxd5 exd5 5. Bf4 c6 6. e3 Bd6 7. Bxd6 Qxd6 8.
Bd3 Ne7 9. Qc2 Bg4 10. f3 Bh5 11. Nge2 Nd7 12. O-O-O Qh6 13. Nf4 Bg6 14. Bxg6
Nxg6 15. Nxg6 hxg6 16. Kb1 Nb6 17. e4 O-O-O 18. Qb3 Nc4 19. Ka1 Qg5 20. g3 Kb8
21. f4 Qg4 22. Na4 Ka7 23. Nc5 Qc8 24. Rc1 Qc7 25. Qd3 Qb6 26. b3 Nd6 27. e5
Ne4 28. Rc2 Rh3 29. Rd1 Nxc5 30. dxc5 Qb5 31. Qd4 Rdh8 32. Rdd2 Qf1+ 33. Kb2
Qh1 34. Rd1 Qf3 35. Rdd2 Qh1 36. Rd1 Qf3 37. Rdd2 1/2-1/2

[Event "Aeroflot Open A 2016"]
[Site "Moscow RUS"]
[Date "2016.03.02"]
[Round "2.10"]
[White "Potkin, Vladimir"]
[Black "Grachev, Boris"]
[Result "1/2-1/2"]
[WhiteElo "2585"]
[BlackElo "2639"]
[PlyCount "68"]
[EventDate "2016.03.01"]

1. c4 e6 2. Nc3 d5 3. d4 Nf6 4. cxd5 exd5 5. Bg5 c6 6. Qc2 h6 7. Bh4 g6 8. e3
Bf5 9. Bd3 Bxd3 10. Qxd3 Nbd7 11. Nge2 Bg7 12. O-O O-O 13. b4 a6 14. a4 b5 15.
a5 Qe7 16. Rab1 Rfe8 17. Rfc1 Rac8 18. Rb3 g5 19. Bg3 Qe6 20. Qc2 Nh5 21. Nd1
f5 22. f3 Nxg3 23. Nxg3 Rf8 24. Nf2 Rf7 25. Rc3 Nb8 26. Qd2 Re8 27. Nf1 f4 28.
e4 dxe4 29. fxe4 Rd8 30. Rd3 Rfd7 31. e5 Rd5 32. Rc5 Nd7 33. Rxd5 Qxd5 34. h4
Nf8 1/2-1/2

[Event "Aeroflot Open A 2016"]
[Site "Moscow RUS"]
[Date "2016.03.02"]
[Round "2.11"]
[White "Goganov, Aleksey"]
[Black "Hovhannisyan, Robert"]
[Result "1-0"]
[WhiteElo "2575"]
[BlackElo "2636"]
[PlyCount "105"]
[EventDate "2016.03.01"]

1. Nf3 d5 2. g3 c6 3. Bg2 Bg4 4. O-O Nd7 5. d3 e6 6. e4 Ne5 7. Nbd2 Bd6 8. h3
Bh5 9. c4 dxe4 10. dxe4 Ne7 11. Qb3 Nxf3+ 12. Nxf3 Bxf3 13. Bxf3 Qc7 14. Be3 b6
15. c5 Bxc5 16. Bxc5 bxc5 17. Rac1 Rb8 18. Qa3 O-O 19. Rxc5 Rfd8 20. Qc3 Rd7
21. Rd1 Rbd8 22. Rxd7 Qxd7 23. Kg2 h6 24. Ra5 Qc7 25. b4 Rd7 26. Qc5 Qb6 27. a3
Qxc5 28. Rxc5 g5 29. e5 Kg7 30. Be4 Rd1 31. Ra5 Rd7 32. Kf3 h5 33. Rc5 h4 34.
Ke3 Rd1 35. gxh4 gxh4 36. Ke2 Ra1 37. Ra5 Ng6 38. Bxc6 Nf4+ 39. Kf3 Nxh3 40.
Rxa7 Rc1 41. b5 Rc3+ 42. Ke2 Ng1+ 43. Kd2 Rxc6 44. bxc6 h3 45. c7 h2 46. c8=Q
h1=Q 47. Qxe6 Nf3+ 48. Ke3 Qc1+ 49. Kxf3 Qh1+ 50. Kf4 Qc1+ 51. Kf5 Qb1+ 52. Kg5
Qc1+ 53. Kh4 1-0